Bible Trivia #3 - Statistics

General Stats
  • This quiz has been taken 16 times
  • The average score is 6 of 15
Answer Stats
Question Answer % Correct
Which of these books were NOT written by Moses? Joshua
75%
What type of law applies to "not cutting the edges of your beard". Ceremonial
58%
Out of these books, which has the most chapters? Isaiah
58%
Who refers to themselves as the "least of the Apostles"? Paul
58%
The majority of Paul's missionary journeys took place in which modern day country? Turkey
58%
What is considered the shortest book in the Bible? 3 John
50%
How does the New Testament begin? A geneology of Jesus of Nazareth
50%
Which of these creatures was NOT envisioned by Daniel? A harlot riding a red beast
42%
Which of these statements is from the book of Ephesians? ...by grace you have been saved- and raised up with him...
42%
Which of these things did God regret doing? Making Saul King of Israel
42%
Which of these statements was made by Jesus? ...you have abandoned the love you had at first...
25%
Which of these is NOT from the Bible? Everyone shall taste death...
17%
Which statement was NOT made by Peter? For where jealousy and selfish ambition exist, there will be disorder...
17%
What is the longest book in the New Testament? Luke
17%
What is the shortest book in the Old Testament? Obadiah
17%
No matching quizzes found
Score Distribution
Percent of People with Each Score
Percentile by Number Answered
Your Score History
You have not taken this quiz